| 000 | 00662nam a2200181Ia 4500 | ||
|---|---|---|---|
| 008 | 151202s9999||||xx |||||||||||||| ||und|| | ||
| 082 | _bPNVM-82319 | ||
| 100 | _aशिंदे बाळासाहेब. | ||
| 245 | _aऐसी कळवळ्याची जाती. | ||
| 260 | _b"सुपर्ण प्रकाशन, पुणे." | ||
| 260 | _c2013 | ||
| 300 | _a150 | ||
| 600 | _aशिंदे बाळासाहेब. | ||
| 630 | _aऐसी कळवळ्याची जाती. | ||
| 700 | _aशिंदे बाळासाहेब. | ||
| 730 | _aऐसी कळवळ्याची जाती. | ||
| 942 | _cBOOK | ||
| 999 |
_c1346927 _d1346924 |
||